000 00591nam a2200169 a 4500
001 000048725
005 20201002061347.0
008 190410s2018 000 spa d
020 _a9789945912326
040 _aDO-SdBNP
_bspa
_cBNPHU
100 1 _aCasasnovas Garrido, Juan
_d1918-1998
_976181
245 1 0 _aRecuerdos petromacorisanos /
_cJuan Casasnovas Garrido.
260 _aSan José de las Matas, República Dominicana :
_bOPUS,
_c2018.
300 _a82 p. ;
_c22 cm.
590 _aInventariado, 2019/VM
500 _aIncluye datos biográficos del autor en la solapa de la contracubierta
999 _c48213
_d48213